|
|
|
|
| LEADER |
00983cam a2200253 7i4500 |
| 001 |
0000074193 |
| 005 |
20230109090000.0 |
| 020 |
|
|
|a 9781003278047 (electronic book)
|
| 090 |
0 |
0 |
|a TP754
|b .G37 2023
|
| 245 |
0 |
0 |
|a Gas sensors :
|b manufacturing, materials, and technologies
|c edited by Ankur Gupta [and three others0.
|
| 264 |
|
|
|a Boca Raton:
|b CRC Press,
|c 2023.
|
| 300 |
|
|
|a 1 online resource (xiii, 324 pages):
|b illustrations (black and white), text file, pDF.
|
| 336 |
|
|
|a text
|2 rdacontent
|
| 337 |
|
|
|a computer
|2 rdamedia
|
| 338 |
|
|
|a online resource
|2 rdacarrier
|
| 650 |
|
0 |
|a Gas detectors
|
| 650 |
|
0 |
|a Nanotechnology
|
| 655 |
|
0 |
|a Electronic books
|
| 700 |
1 |
|
|a Gupta, Ankur
|
| 856 |
4 |
2 |
|u http://library.unisel.edu.my/web/guest/mylibrary
|
| 997 |
|
|
|a Engineering & Life Sciences, Faculty
|b Science & Biotechnology, Department
|
| 998 |
|
|
|a Biotechnology, Degree
|
| 998 |
|
|
|a Biotechnology & Life Sciences, Diploma
|
| 999 |
|
|
|a EBO0017476
|b EBOOK
|c EBOOK
|e Electronic resources
|